Suomen eniten työllistävät yritykset - Statistics

Yleistilastot
  • Tätä visaa on pelattu 208 kertaa
    118 viimeisimmän päivityksen jälkeen
  • Keskiarvotulos 10 / 20
Vastaustilastot
Toimiala Suomen henkilöstö keskimäärin 2023 Vastaus % Oikein
Päivittäistavarakauppa 10 315 Kesko
93%
Päivittäistavarakauppa 31 457 S-Ryhmä
88%
Rahoitusala 6 161 Nordea Pankki
87%
Rahoitusala 13 395 OP Ryhmä
81%
Rautatieliikenne 5 529 VR
80%
Terveydenhuolto 13 045 Mehiläinen
71%
Terveydenhuolto 5 597 Terveystalo
70%
Päivittäistavarakauppa 5 773 Lidl Suomi
69%
Metsäteollisuus 5 538 Metsä Group
65%
Metsäteollisuus 6 608 UPM-Kymmene
65%
Tietoliikenne 6 700 Nokia
63%
Metsäteollisuus 5 600 Stora Enso
47%
Logistiikka 14 937 Posti Group
46%
Teollisuustuotteet 6 597 Valmet
24%
Kiinteistöpalvelut 5 608 Lassila & Tikanoja
22%
Kiinteistöpalvelut 7 568 ISS Palvelut
17%
Terveydenhuolto 11 757 Attendo Suomi
14%
Kiinteistöpalvelut 5 800 SOL Yhtiöt
13%
Henkilöstöpalvelut 7 627 Bravedo
8%
Terveydenhuolto 7 107 Esperi Care Group
2%
Ehtoja vastaavia visoja ei löytynyt
Tulosjakauma
Jokaisen tuloksen saaneiden osuus
Persentiili vastausten määrän mukaan
Tuloshistoriasi
Et ole pelannut tätä visaa sen viimeisimmän päivityksen jälkeen